000 01638cam a2200433 a 4500
001 15184429
003 OSt
005 20150408114019.0
008 080214s2008 gw a b 001 0 eng
010 _a 2008007213
016 7 _a101466336
_2DNLM
020 _a9783131243423 (alk. paper)
020 _a3131243422 (alk. paper)
035 _a(OCoLC)ocn195764536
035 _a(OCoLC)195764536
040 _aDNLM/DLC
_cDLC
_dNLM
_dBAKER
_dBTCTA
_dOHX
_dYDXCP
_dC#P
_dDLC
041 1 _aeng
_hger
050 0 0 _aRG493.5.U47
_bM3313 2008
060 1 0 _aWP 815
_bM182k 2008a
082 0 0 _a618.1907
_222
100 1 _aMadjar, H.
_911345
240 1 0 _aKursbuch Mammosonographie.
_lEnglish
245 1 4 _aThe practice of breast ultrasound :
_btechniques--findings--differential diagnosis /
_cHelmut Madjar, Ellen B. Mendelson ; with the collaboration of Jack Jellins.
250 _a2nd ed.
260 _aStuttgart ;
_aNew York :
_bThieme,
_cc2008.
300 _axii, 268 p. :
_bill. (some col.) ;
_c32 cm.
504 _aIncludes bibliographical references (p. 261-263) and index.
650 0 _aBreast
_xUltrasonic imaging.
_911346
650 0 _aBreast
_xDiseases
_xDiagnosis.
650 0 _aDiagnosis, Differential.
650 1 2 _aUltrasonography, Mammary
_xmethods.
_911347
650 2 2 _aBreast Diseases
_xultrasonography.
_911348
650 2 2 _aDiagnosis, Differential.
700 1 _aMendelson, Ellen B.
_911349
700 1 _aJellins, Jack.
_911350
856 4 1 _3Table of contents only
_uhttp://www.loc.gov/catdir/toc/ecip0811/2008007213.html
942 _2ddc
_cBOOK
999 _c21860
_d256360